Arnold Schwarzenegger Movies by Quote Quiz Stats

 Plays Quiz Updated Jan 1, 2020

Support Sporcle.
Go Orange.
Score 0/20 Timer 06:00
1 Play Today
Quote Movie Title % Correct
I'll be back.The Terminator
98.9%
Hasta la vista, baby!Terminator 2: Judgment Day
94.6%
She'll be back.Terminator 3: Rise of the Machines
86.9%
It's not a tumor!Kindergarten Cop
80.7%
If it can bleed, we can kill it.Predator
77.7%
Thank you for the cookies. I look forward to tossing them.Twins
71.6%
Grant me revenge! And if you do not listen, then to hell with you!Conan the Barbarian
70.4%
My name is Freeze; learn it well, for it's the chilling sound of your doom.Batman & Robin
67.4%
I'm not a pervert...I was just looking for Turbo Man doll.Jingle All the Way
63.8%
If I am not me, who da hell am I?Total Recall
61.8%
Quote Movie Title % Correct
Yeah, but they were all bad.True Lies
59.5%
I eat green berets for breakfast and right now I'm very hungry.Commando
57.2%
I'll be back! Ha! You didn't know I was gonna say that, did you?Last Action Hero
52%
Killian, here's your Subzero, now plain zero.The Running Man
45.9%
I won't be back.Terminator: Dark Fate
44.9%
Doesn't anybody die any more?The 6th Day
35.6%
Only an idiot would do this job. The Expendables
25.4%
Don’t even look at those guys unless you can kill ‘em.Collateral Damage
24.4%
Bucks? Doe? What is all this zoological talk about male and female animals?Hercules in New York
23.8%
She will be my wife. One of seven.Around the World in 80 Days
19.5%

From the Vault

When Harry Met Shakespeare

by christopherjulia

This is a fitting crossover, considering much of the 'Harry Potter' cast had performed Shakespeare on-stage.
Remove Ads.
Support Sporcle.
Get the best of Sporcle when you Go Orange. This ad-free experience offers more features, more stats, and more fun while also helping to support Sporcle. Thank you for becoming a member.

Show Comments

Extras

Top Quizzes Today


Score Distribution

Your Account Isn't Verified!

In order to create a playlist on Sporcle, you need to verify the email address you used during registration. Go to your Sporcle Settings to finish the process.

Report this User

Report this user for behavior that violates our Community Guidelines.

Details: